00445nam a22001457a 4500003000400000008004100004082002100045100002300066245011800089260003800207300000900245502001600254650002000270650000900290OSt260416b |||||||| |||| 00| 0 eng d a634.973322bP21I aPatel, Avadh Kumar aInnovative Management of Shisham (Dalbergia sissoo Roxb.) Wilt Incited by Fusarium Solani f.sp. dalbergiae Gordon aPusa, SamastipurbRAU, Pusac2010 a77P. bMsc. d2010 aPlant Pathology aMsc.